Electronics and communication Engineering: Application and Innovation (Record no. 4603)

MARC details
000 -LEADER
fixed length control field 00537nam a22001697a 4500
008 - FIXED-LENGTH DATA ELEMENTS--GENERAL INFORMATION
fixed length control field 260309b |||||||| |||| 00| 0 eng d
020 ## - INTERNATIONAL STANDARD BOOK NUMBER
ISBN 978177633892
100 ## - MAIN ENTRY--AUTHOR
Author KISHORE, T. Kumar
245 ## - TITLE STATEMENT
Title Electronics and communication Engineering: Application and Innovation
260 ## - PUBLICATION, DISTRIBUTION, ETC. (IMPRINT)
Place of publication Canada
Name of publisher Apple Academic Press
Date of publication 2020
300 ## - COLLATION
Pagination xx, 390p.
Other physical details ill
650 ## - TRACINGS
Main Subject Telecommunication- System Design and CONSTRUCTION
700 ## - ADDITIONAL AUTHOR
Additional Author 2. Ravi Kumar Jatoh 3. V. V. Mani
942 ## - ADDED ENTRY ELEMENTS (KOHA)
Item type Books
050 ## - LIBRARY OF CONGRESS CALL NUMBER
Classification number TK5102.5.N35
Item number .E54
Holdings
Source of classification or shelving scheme Not for loan Permanent location Current location Date acquired Accession No. Full call number Barcode. Copy number Koha item type
Library of Congress Classification   Samuel Ogbemudia Main Library, University of Abuja Samuel Ogbemudia Main Library, University of Abuja 03/09/2026 2024/62614-15 TK5102.5.N35 .E54 2026-0090 2 Books